Physical education, health and music: (Record no. 21777)

000 -LEADER
fixed length control field 00660nam a22001937a 4500
003 - CONTROL NUMBER IDENTIFIER
control field OSt
005 - DATE AND TIME OF LATEST TRANSACTION
control field 20260122134210.0
008 - FIXED-LENGTH DATA ELEMENTS--GENERAL INFORMATION
fixed length control field 260122t1992 xxua|||| |||| 00| 0 eng d
022 ## - INTERNATIONAL STANDARD SERIAL NUMBER
Source 9712310728
040 ## - CATALOGING SOURCE
Transcribing agency csu
100 ## - MAIN ENTRY--PERSONAL NAME
Personal name Lopez, Lorna Fe P.,
Relator term author.
245 ## - TITLE STATEMENT
Title Physical education, health and music:
Remainder of title textbook in PEHM for first year high school /
Statement of responsibility, etc by Lorna Fe P. Lopez and 3 others.
260 ## - PUBLICATION, DISTRIBUTION, ETC. (IMPRINT)
Place of publication, distribution, etc Manila, Philippines:
Name of publisher, distributor, etc Rex Book Store,
Date of publication, distribution, etc c1992.
700 ## - ADDED ENTRY--PERSONAL NAME
Personal name Beldia, McDonald D.,
Relator term author.
700 ## - ADDED ENTRY--PERSONAL NAME
Personal name Pangan, Romulo J.,
Relator term author.
700 ## - ADDED ENTRY--PERSONAL NAME
Personal name Cabag, Ramon C.,
Relator term author.
700 ## - ADDED ENTRY--PERSONAL NAME
Personal name Dagoon, Jesse D.,
Relator term consultant-coordinator.
942 ## - ADDED ENTRY ELEMENTS (KOHA)
Source of classification or shelving scheme
Koha item type Books
Holdings
Price effective from Permanent Location Date last seen Not for loan Date acquired Source of classification or shelving scheme Koha item type Lost status Withdrawn status Source of acquisition Collection code Damaged status Barcode Shelving location Current Location Full call number
2026-01-22Cagayan State University - Carig Library2026-01-22 2026-01-22 Books  DonationChildren Section C000450Children SectionCagayan State University - Carig LibraryCS 790 C450 L8812 1992

Cagayan State University University Library, Carig Campus
Tuguegarao City, Cagayan 3500 | www.csucarig.edu.ph

Powered by Koha